000 00467nam a2200181Ia 4500
008 151018s9999 xx 000 0 und d
082 _bRBASDV8413
_a891.433
100 _aराणू
245 _aप्यासी नदी
250 _b5
260 _bकुसुम
_c1973
300 _a164
600 _aराणू
630 _aप्यासी नदी
700 _aराणू
730 _aप्यासी नदी
942 _cBOOK
999 _c1010777
_d1010774